Указы и постановления Президиума Верховного Совета СССР, принятые с 13 июня по 25 июля 1947 года (к протоколу № 19)

RUSMARC
00005136nac2a22003253x 450
0014cbd9df6-25bb-473b-9b07-ce209c8d6f1e
00520260119175206.0
100##$a20251101l19471947k y0rusy50 ca
1010#$arus
$amul
102##$aRU
105##$ay z |||||
1222#$ad19470613
$ad19470725
2001#$aУказы и постановления Президиума Верховного Совета СССР, принятые с 13 июня по 25 июля 1947 года (к протоколу № 19)
$j13 июня - 25 июля 1947
215##$a73 листа
$d29,7 х 20,7
251##$cДело
300##$aЗаголовок дела на папке: Подлинные материалы к протоколу № 19 заседания Президиума Верховного Совета СССР том II
300##$aЧасть текста на языках народов СССР
300##$aЛисты: 73 листа, в том числе: + листов внутренней описи I-III
300##$aЧасть текста машинописная, часть - напечатана типографским способом с рукописными пометками
461#0$1001d61833fe-7036-4123-ba24-5c83654b2cf0
$12001
$aВерховный Совет СССР
$1251
$cФонд
$1852
$gР
$j7523
462#0$1001f97228f9-855d-4329-90f3-ac5adbe8c7dc
$12001
$aПодлинные протоколы заседаний Президиума Верховного Совета СССР и материалов к ним второго созыва
$vД. 154
$1251
$cОпись
$1852
$j36
5171#$aПодлинные материалы к протоколу № 19 заседания Президиума Верховного Совета СССР том II
60101$3RU\NLR\AUTH\8810065327
$aСССР
$bВерховный Совет
$bПрезидиум
605##$3DITM\AF\0000002775
$aВласть
$lколлекция
$2acquisition_prlib
6101#$aПодлинные материалы
$aУказы
$aПостановления
$aПротокол
$a13 июня - 25 июля 1947 года
686##$a63.3(2)62-332ю1
$cИстория
$2rubbk
686##$a67.400.6ю1
$cПраво
$2rubbk
801#0$aRU
$bGA_RF
801#1$aRU
$bГлавНИВЦ
$c20251101
$2rusmarc
801#2$aRU
$bПБ им. Б.Н. Ельцина
$c20260119
$gRCR
$2rusmarc
852##$aГА РФ
$j154
937##$d200068069
$hГАРФ
035##$aRuPRLIB51080916
856##$uhttp://readingroom.main.prlib.ru/item.aspx?id_node=n200068069&mode=full
Формат отображения